000 00824cam a22002775a 4500
001 17773923
005 20150727131953.0
008 130612t2014 enka frb 000 0 eng d
020 _a0124171079
020 _a9780124171077
040 _aDLC
_beng
_cDLC
_dEG-ScBUE
082 0 4 _a620.001171
_bGRA
_222
100 1 _aGrady, Jeffrey O.
_938252
245 1 0 _aSystem requirements analysis /
_cJeffrey O. Grady.
250 _a2nd ed.
260 _aLondon ;
_aWaltham :
_bElsevier,
_cc.2014.
300 _axxx, 801 p. :
_bill. ;
_c24 cm.
490 0 _aElsevier insights
504 _aIncludes bibliographical references.
650 0 _aSystems engineering.
_2BUEsh
650 0 _aSystem analysis.
_2BUEsh
651 _2BUEsh
653 _bCOMSCI
_cJuly2015
655 _vreading book
_934232
942 _2ddc
_k620.001171 GRA
999 _c20130
_d20102